000 00224 a2200109 4500
001 8909
082 _a370.7 AND
090 _c7098
_d7098
100 _aAnderson M H
245 _aTeaching apprentices
_hEnglish
260 _bA T S
_a1949
942 _aNUST-CAE
999 _c243982
_d243982